Los dos nacimientos de Dionisio y otros ensayos
Saved in:
| Hovedforfatter: | |
|---|---|
| Format: | Bog |
| Sprog: | spansk |
| Udgivet: |
Barcelona
Seix Barral
1984
|
| Udgivelse: | 3a. ed |
| Serier: | Biblioteca breve, 462
|
| Fag: | |
| Tags: |
Tilføj Tag
Ingen Tags, Vær først til at tagge denne postø!
|
MARC
| LEADER | 00000nam a2200000 a 4500 | ||
|---|---|---|---|
| 001 | UCW9760 | ||
| 003 | CL-VaPUC | ||
| 008 | 890616e19840000SP |||||||||||||||||spa|d | ||
| 082 | 0 | 4 | |a 824 |b GRA |2 21 |
| 100 | |a Graves, Robert |e author |9 597104 | ||
| 245 | 1 | 4 | |a Los dos nacimientos de Dionisio y otros ensayos |
| 250 | |a 3a. ed | ||
| 300 | |a 259 p | ||
| 942 | |c BK | ||
| 945 | |d 19890616 00:00:00 | ||
| 260 | |a Barcelona |b Seix Barral |c 1984 | ||
| 650 | 7 | |a ERUDICION |2 CL-VaPUC |9 257643 | |
| 650 | 0 | |a Cultura |9 269059 | |
| 650 | 0 | |a Ensayos ingleses |9 265096 | |
| 583 | |a last modification |c 19890616 00:00:00 |k Rodrigo Vera | ||
| 490 | 0 | |a Biblioteca breve, 462 | |
| 999 | |c 221649 |d 221647 | ||
| 952 | |0 0 |1 0 |4 0 |6 824_000000000000000_GRA_1984 |7 0 |8 A |9 215345 |a BIBHIS |b BIBHIS |d 2019-11-15 |i 2837706 |o 824 GRA 1984 |p 2837706 |r 2025-01-20 |w 2019-11-15 |y BK |k HIS | ||